Les vrais mystères de Paris / (Record no. 167480)

MARC details
000 -LEADER
campo de control de longitud fija 00671nam a22001935i 4500
001 - NÚMERO DE CONTROL
campo de control 167480
003 - IDENTIFICADOR DE NÚMERO DE CONTROL
campo de control ES-MaACL
005 - FECHA Y HORA DE LA ÚLTIMA TRANSACCIÓN
campo de control 20230906213533.0
008 - DATOS DE LONGITUD FIJA--INFORMACIÓN GENERAL
campo de control de longitud fija 050929s1844 be | |||||||| ||fre d
040 ## - FUENTE DE CATALOGACIÓN
Centro catalogador/agencia de origen CAM
Lengua de catalogación spa
Centro/agencia transcriptor CAM
100 1# - ENTRADA PRINCIPAL--NOMBRE DE PERSONA
Nombre de persona Vidocq.
9 (RLIN) 133699
245 14 - MENCIÓN DEL TÍTULO
Título Les vrais mystères de Paris /
Mención de responsabilidad, etc. par Vidocq.
260 ## - PUBLICACIÓN, DISTRIBUCIÓN, ETC.
Lugar de publicación, distribución, etc. Bruxelles et Leipzig :
Nombre del editor, distribuidor, etc. C. Muquard,
Fecha de publicación, distribución, etc. 1844.
300 ## - DESCRIPCIÓN FÍSICA
Extensión 9 v. (192; 160; 166; 160; 162; 183; 160; 192; 167 p.) ;
Dimensiones 15 cm.
700 1# - ENTRADA AGREGADA--NOMBRE PERSONAL
Nombre de persona Mucquard, C.,
Término indicativo de función/relación
9 (RLIN) 130271
752 ## - ENTRADA AGREGADA--NOMBRE JERÁRQUICO DEL LUGAR
País o entidad superior Bélgica -
Ciudad Bruselas
752 ## - ENTRADA AGREGADA--NOMBRE JERÁRQUICO DEL LUGAR
País o entidad superior Alemania -
Ciudad Leipzig
852 ## - LOCALIZACIÓN
Ubicación ES-MaACL
Número de control de estantería D-3943-3945
Nota libre -- Enc. hol.
-- -- Legado de M. de la Fuente
-- -- Enc. 9 t. en 3 v.
Holdings
Estatus retirado Estado de pérdida Estado de daño No para préstamo Colección Biblioteca de origen Biblioteca actual Ubicación en estantería Fecha de adquisición Fuente de adquisición Total de préstamos Signatura topográfica completa Código de barras Visto por última vez Precio de reemplazo Tipo de ítem Koha
        Libros del s. XIX Biblioteca del Ateneo de Madrid Biblioteca del Ateneo de Madrid Sala Valle Inclán 17/01/2008     D-3943-3945 901175697 23/02/2023 23/02/2023 Libro impreso antiguo